ទៅរកត្រី / (Record no. 4546)
[ view plain ]
| 000 -LEADER | |
|---|---|
| fixed length control field | 01400nam a22002897a 4500 |
| 001 - CONTROL NUMBER | |
| control field | 4546 |
| 003 - CONTROL NUMBER IDENTIFIER | |
| control field | FISKH |
| 005 - DATE AND TIME OF LATEST TRANSACTION | |
| control field | 20251008110534.0 |
| 008 - FIXED-LENGTH DATA ELEMENTS--GENERAL INFORMATION | |
| fixed length control field | 240913b cb ||||| |||| 00| 0 eng d |
| 040 ## - CATALOGING SOURCE | |
| Original cataloging agency | FISKH |
| Language of cataloging | khmer |
| Transcribing agency | FISKH |
| Modifying agency | FISKH |
| 050 ## - LIBRARY OF CONGRESS CALL NUMBER | |
| Classification number | PZ7 |
| 082 ## - DEWEY DECIMAL CLASSIFICATION NUMBER | |
| Classification number | 570 |
| 100 ## - MAIN ENTRY--PERSONAL NAME | |
| Personal name | Reaksmey, Am |
| Relator term | author |
| 245 ## - TITLE STATEMENT | |
| Title | ទៅរកត្រី / |
| Statement of responsibility, etc. | អាំ រស្មី |
| 250 ## - EDITION STATEMENT | |
| Edition statement | បោះពុម្ពលើកទី១ ខែមិថុនា ឆ្នាំ២០០៨ |
| 260 ## - PUBLICATION, DISTRIBUTION, ETC. | |
| Place of publication, distribution, etc. | ភ្នំពេញ : |
| Name of publisher, distributor, etc. | កិច្ចសហប្រតិបត្តិការអភិវឌ្ឍន៍ប៊ែលហ្ស៊ិក : |
| Date of publication, distribution, etc. | ២០០៨ . |
| 300 ## - PHYSICAL DESCRIPTION | |
| Extent | 8 pages : |
| Other physical details | color illustrations ; |
| Dimensions | 25 cm . |
| 505 ## - FORMATTED CONTENTS NOTE | |
| Formatted contents note | D <br/> |
| 520 ## - SUMMARY, ETC. | |
| Summary, etc. | The family went fishing together, but the son brought the ball and it fell in the water. What happend next? |
| 520 ## - SUMMARY, ETC. | |
| Summary, etc. | ក្រុមគ្រួសារបានទៅស្ទូចត្រីជាមួយគ្នា ប៉ុន្តែកូនប្រុសបានយកបាល់មកធ្លាក់ក្នុងទឹក ។ តើមានអ្វីកើតឡើងបន្ទាប់? |
| 521 8# - TARGET AUDIENCE NOTE | |
| Target audience note | 160 <br/> |
| Source | Lexile estimate <br/> |
| 521 8# - TARGET AUDIENCE NOTE | |
| Target audience note | D <br/> |
| Source | Raz-Plus <br/> |
| 650 ## - SUBJECT ADDED ENTRY--TOPICAL TERM | |
| Topical term or geographic name entry element | ត្រី |
| 650 ## - SUBJECT ADDED ENTRY--TOPICAL TERM | |
| Form subdivision | Fish |
| 942 ## - ADDED ENTRY ELEMENTS (KOHA) | |
| Source of classification or shelving scheme | Dewey Decimal Classification |
| Koha item type | Books |
| Suppress in OPAC | No |
| Withdrawn status | Lost status | Source of classification or shelving scheme | Damaged status | Not for loan | Collection | Home library | Current library | Shelving location | Date acquired | Total Checkouts | Full call number | Barcode | Date last seen | Copy number | Price effective from | Koha item type | Total Renewals | Date last checked out |
|---|---|---|---|---|---|---|---|---|---|---|---|---|---|---|---|---|---|---|
| Dewey Decimal Classification | Khmer Language Books / សៀវភៅភាសាខ្មែរ | Footprints International School Library Network Toul Tom Poung Campus | Footprints International School Library Network Toul Kork Campus | TTP Primary Khmer Bookshelves | 10/10/2025 | 1 | REA PZ7 570 | FISBK03531 | 12/01/2025 | 5 | 10/10/2025 | Books | 1 | 11/10/2025 | ||||
| Dewey Decimal Classification | Khmer Language Books / សៀវភៅភាសាខ្មែរ | Footprints International School Library Network Toul Tom Poung Campus | Footprints International School Library Network Toul Tom Poung Campus | TTP Primary Khmer Bookshelves | 09/13/2024 | REA PZ7 570 | FIS03550 | 05/26/2025 | 1 | 09/13/2024 | Books | |||||||
| Dewey Decimal Classification | Khmer Language Books / សៀវភៅភាសាខ្មែរ | Footprints International School Library Network Toul Tom Poung Campus | Footprints International School Library Network Toul Tom Poung Campus | TTP Primary Khmer Bookshelves | 09/13/2024 | REA PZ7 570 | FIS03548 | 09/13/2024 | 2 | 09/13/2024 | Books | |||||||
| Dewey Decimal Classification | Khmer Language Books / សៀវភៅភាសាខ្មែរ | Footprints International School Library Network Toul Tom Poung Campus | Footprints International School Library Network Toul Tom Poung Campus | TTP Primary Khmer Bookshelves | 09/13/2024 | REA PZ7 570 | FIS03537 | 05/26/2025 | 3 | 09/13/2024 | Books | |||||||
| Dewey Decimal Classification | Khmer Language Books / សៀវភៅភាសាខ្មែរ | Footprints International School Library Network Toul Tom Poung Campus | Footprints International School Library Network Toul Tom Poung Campus | TTP Primary Khmer Bookshelves | 10/07/2025 | REA PZ7 570 | FISBK03534 | 10/07/2025 | 4 | 10/07/2025 | Books | |||||||
| Dewey Decimal Classification | Khmer Language Books / សៀវភៅភាសាខ្មែរ | Footprints International School Library Network Toul Tom Poung Campus | Footprints International School Library Network Toul Tom Poung Campus | TTP Primary Khmer Bookshelves | 03/23/2026 | REA PZ7 570 | FISBK03540 | 03/23/2026 | 6 | 03/23/2026 | Books | |||||||
| Dewey Decimal Classification | Khmer Language Books / សៀវភៅភាសាខ្មែរ | Footprints International School Library Network Toul Tom Poung Campus | Footprints International School Library Network Toul Tom Poung Campus | TTP Primary Khmer Bookshelves | 03/27/2026 | REA PZ7 570 | FISBK03542 | 03/27/2026 | 7 | 03/27/2026 | Books |
